[Event "C.to Italiano Semifinale"]
[Site "Arvier ITA"]
[Date "2002.06.30"]
[Round "9"]
[White "Cazzaniga, Walter"]
[Black "Sartori, Spartaco"]
[Result "1-0"]
[WhiteElo "2119"]
[BlackElo "2262"]
[PlyCount "75"]
[EventDate "2002.06.22"]

1. d4 e6 2. c4 Nf6 3. Nf3 b6 4. g3 Bb7 5. Bg2 Be7 6. O-O O-O 7. d5 exd5 8. Nh4
c6 9. cxd5 Nxd5 10. Nf5 Nc7 11. e4 Re8 12. Nc3 Nba6 13. Nd6 Bxd6 14. Qxd6 Qe7
15. Bf4 Ne6 16. Rad1 Rad8 17. Qxe7 Rxe7 18. Bd6 Ree8 19. e5 Nac7 20. f4 Rc8 21.
Rd2 Nd8 22. Rfd1 Na6 23. b3 c5 24. Bxb7 Nxb7 25. Nb5 Nb4 26. Nxa7 Ra8 27. a3
Rxa7 28. axb4 Rc8 29. Be7 Rc7 30. Rxd7 Rxd7 31. Rxd7 cxb4 32. Bxb4 g5 33. f5
Ra1+ 34. Kf2 Nc5 35. Bxc5 bxc5 36. f6 h6 37. Rd8+ Kh7 38. e6 1-0

[Event "C.to Italiano Semifinale"]
[Site "Arvier ITA"]
[Date "2002.06.30"]
[Round "9"]
[White "Gentile, Claudio"]
[Black "Martorelli, Antonio"]
[Result "1-0"]
[WhiteElo "2117"]
[BlackElo "2257"]
[PlyCount "101"]
[EventDate "2002.06.22"]

1. e4 c5 2. Nf3 e6 3. d4 cxd4 4. Nxd4 a6 5. Nc3 Qc7 6. Bd3 Nc6 7. Nxc6 dxc6 8.
Qg4 e5 9. Qg5 h6 10. Qg3 Nf6 11. Be3 Ng4 12. Bc1 Bc5 13. O-O h5 14. h3 h4 15.
Qf3 Nf6 16. Rd1 Be6 17. Bg5 O-O-O 18. Bf1 Rdg8 19. Rd3 Nh5 20. Rad1 Nf4 21.
Bxf4 exf4 22. a3 g5 23. b4 g4 24. hxg4 Be7 25. Nd5 Bxg4 26. Qxg4+ Rxg4 27. Nxc7
h3 28. f3 Rg7 29. Rd7 hxg2 30. Bxg2 Bf6 31. Na8 Rhg8 32. Nb6+ Kb8 33. R1d2 Bc3
34. Rd8+ Rxd8 35. Rxd8+ Kc7 36. Rd3 Ba1 37. Na8+ Kb8 38. Rd8+ Ka7 39. Nc7 Kb6
40. Rd7 Be5 41. Ne8 Rg8 42. Nd6 Bxd6 43. Rxd6 a5 44. Rd7 Ra8 45. Rxf7 axb4 46.
axb4 Ra2 47. e5 Rxc2 48. e6 Re2 49. Bh3 Re5 50. e7 c5 51. Rf6+ 1-0

[Event "C.to Italiano Semifinale"]
[Site "Arvier ITA"]
[Date "2002.06.30"]
[Round "9"]
[White "Laco, Giuseppe"]
[Black "Contin, Daniel"]
[Result "0-1"]
[WhiteElo "2149"]
[BlackElo "2338"]
[PlyCount "74"]
[EventDate "2002.06.22"]

1. c4 e5 2. Nc3 Nf6 3. g3 d5 4. cxd5 Nxd5 5. Bg2 Nb6 6. b3 Be7 7. Bb2 O-O 8. h4
f5 9. Nh3 Nc6 10. O-O Be6 11. f4 e4 12. Ng5 Qd7 13. d3 Bxg5 14. hxg5 exd3 15.
Qxd3 Qxd3 16. exd3 Rfd8 17. Nb5 Bd5 18. Nxc7 Bxg2 19. Kxg2 Rac8 20. Ne6 Rxd3
21. Rf2 g6 22. Nc5 Rd5 23. Nxb7 Nb4 24. Ba3 Nc2 25. Rc1 Nxa3 26. Rxc8+ Nxc8 27.
Re2 Kf7 28. b4 Nc4 29. Kh3 N8b6 30. Re1 Rd2 31. Rc1 Rxa2 32. Na5 Ne3 33. Nc6
Ng4 34. Ne5+ Nxe5 35. fxe5 Ke6 36. Rc6+ Kxe5 37. Rc7 Nd5 0-1

[Event "C.to Italiano Semifinale"]
[Site "Arvier ITA"]
[Date "2002.06.30"]
[Round "9"]
[White "Nelli, Luca"]
[Black "Yeuillaz, Corrado"]
[Result "1/2-1/2"]
[WhiteElo "2173"]
[BlackElo "2231"]
[PlyCount "112"]
[EventDate "2002.06.22"]

1. d4 g6 2. f4 f5 3. Nf3 Nf6 4. e3 Bg7 5. Bd3 b6 6. c4 Bb7 7. Nc3 e6 8. O-O O-O
9. b4 Qe7 10. Qb3 d6 11. a4 Nbd7 12. Ba3 Kh8 13. c5 Ng4 14. Rae1 Rfd8 15. cxd6
cxd6 16. Ng5 Nf8 17. Bc4 h6 18. Nf3 Rac8 19. Bd3 Qc7 20. Bb2 a6 21. h3 Nf6 22.
Rc1 Qb8 23. b5 a5 24. Bc4 Re8 25. Nb1 Bd5 26. Nbd2 Qb7 27. Ba3 Red8 28. Rc2 Be4
29. Rc3 d5 30. Bd3 Rxc3 31. Qxc3 Rc8 32. Qb3 Bxd3 33. Qxd3 Ne4 34. Rc1 Rxc1+
35. Bxc1 Qc7 36. Bb2 Nd7 37. g4 Nxd2 38. Nxd2 fxg4 39. hxg4 g5 40. Qc3 Qxc3 41.
Bxc3 gxf4 42. exf4 Kg8 43. Kf2 Kf7 44. Ke3 Bf8 45. Nf3 Bd6 46. Ne5+ Ke8 47. g5
hxg5 48. fxg5 Nxe5 49. dxe5 Bc5+ 50. Kf4 Kf7 51. Kg4 Kg6 52. Ba1 Be3 53. Kf3
Bg1 54. Kf4 d4 55. Bb2 Be3+ 56. Ke4 Bxg5 1/2-1/2

[Event "C.to Italiano Semifinale"]
[Site "Arvier ITA"]
[Date "2002.06.30"]
[Round "9"]
[White "Ricci, Marco"]
[Black "Parrella, Alfredo"]
[Result "1-0"]
[WhiteElo "2162"]
[BlackElo "2233"]
[PlyCount "91"]
[EventDate "2002.06.22"]

1. e4 c5 2. Nf3 e6 3. d4 cxd4 4. Nxd4 Nc6 5. Nb5 d6 6. c4 Nf6 7. N1c3 a6 8. Na3
Be7 9. Be2 O-O 10. O-O b6 11. Be3 Bb7 12. f4 Qc7 13. Bf3 Rac8 14. Qe2 Nb8 15.
g4 Nfd7 16. Rac1 h6 17. Rfd1 Nf6 18. h4 Nh7 19. g5 Rfe8 20. Qg2 hxg5 21. hxg5
g6 22. Re1 Bf8 23. f5 exf5 24. exf5 Rxe3 25. Rxe3 Qc5 26. Rce1 Bxf3 27. Qxf3
Nxg5 28. Qd5 Nd7 29. fxg6 Qxd5 30. Nxd5 f6 31. Kg2 Rb8 32. Nc2 Kg7 33. Nf4 Ne5
34. b3 Nxg6 35. Nxg6 Kxg6 36. Nd4 b5 37. Re8 Rxe8 38. Rxe8 Kf7 39. Ra8 bxc4 40.
bxc4 Ne4 41. Rxa6 Nc5 42. Ra7+ Kg6 43. a4 Nd3 44. a5 Ne5 45. Rc7 Bh6 46. a6 1-0

[Event "C.to Italiano Semifinale"]
[Site "Arvier ITA"]
[Date "2002.06.30"]
[Round "9"]
[White "Rossato, Armando"]
[Black "Cocchi, Andrea"]
[Result "0-1"]
[WhiteElo "2169"]
[BlackElo "2281"]
[PlyCount "106"]
[EventDate "2002.06.22"]

1. d4 Nf6 2. Nf3 c5 3. e3 e6 4. Bd3 b6 5. Nbd2 Bb7 6. O-O Be7 7. b3 cxd4 8.
exd4 O-O 9. c4 d5 10. Re1 Nc6 11. Bb2 Rc8 12. Rc1 Re8 13. Bb1 Bf8 14. a3 Nb8
15. Ne5 Nbd7 16. f4 g6 17. Qf3 Rc7 18. Qh3 Bg7 19. Ndf3 Nxe5 20. fxe5 Ne4 21.
b4 Ng5 22. Nxg5 Qxg5 23. c5 bxc5 24. bxc5 Ba6 25. Bc3 f6 26. Bd3 Bxd3 27. Qxd3
fxe5 28. dxe5 Rxc5 29. Bd2 Rxc1 30. Bxg5 Rxe1+ 31. Kf2 Rxe5 32. h4 Re4 33. g3
a5 34. Qb5 Rf8+ 35. Kg2 Ra8 36. Be7 h5 37. Qb7 Re8 38. Bd6 Bf6 39. Qc6 Kf7 40.
Bf4 a4 41. Bd6 Rc4 42. Qd7+ Be7 43. Bb4 Rcc8 44. Kh3 Rc2 45. Bd6 Re2 46. Bb4
Kf8 47. Bc3 Rb8 48. Bb4 Rxb4 49. axb4 a3 50. b5 a2 51. Qa7 Bf6 52. Qb8+ Kg7 53.
Qc7+ Kg8 0-1

[Event "C.to Italiano Semifinale"]
[Site "Arvier ITA"]
[Date "2002.06.30"]
[Round "9"]
[White "Tonon, Alessandro"]
[Black "Mussoni, Marcello"]
[Result "0-1"]
[WhiteElo "2184"]
[BlackElo "2250"]
[PlyCount "64"]
[EventDate "2002.06.22"]

1. e4 c5 2. Nf3 d6 3. d4 cxd4 4. Nxd4 Nf6 5. Nc3 g6 6. Be3 Bg7 7. f3 O-O 8. Qd2
Nc6 9. Bc4 Bd7 10. Bb3 Nxd4 11. Bxd4 b5 12. O-O-O a5 13. a3 b4 14. Nd5 Nxd5 15.
Bxd5 e5 16. Be3 bxa3 17. b3 a4 18. Bxa8 Qxa8 19. Kb1 axb3 20. cxb3 Be6 21. Qxd6
Bxb3 22. Rd3 Rb8 23. Ka1 Bf8 24. Qd7 Be6 25. Qc7 Qa6 26. Qxb8 Qxd3 27. Rc1 Qxe3
28. Qc7 Qd4+ 29. Qc3 Bb4 30. Qxd4 exd4 31. Kb1 Bc3 32. Kc2 a2 0-1

[Event "C.to Italiano Semifinale"]
[Site "Arvier ITA"]
[Date "2002.06.30"]
[Round "9"]
[White "Vezzosi, Paolo"]
[Black "Mola, Pietro"]
[Result "1-0"]
[WhiteElo "2398"]
[BlackElo "2277"]
[PlyCount "79"]
[EventDate "2002.06.22"]

1. d4 Nf6 2. c4 e6 3. Nf3 b6 4. e3 Bb7 5. Bd3 Be7 6. Nc3 d5 7. cxd5 exd5 8. O-O
O-O 9. b3 Ne4 10. Bb2 Nd7 11. Qc2 f5 12. Rac1 a6 13. Ne5 Rc8 14. Rfd1 Bh4 15.
g3 Nxe5 16. dxe5 Qg5 17. f4 Qg6 18. Bxe4 dxe4 19. Ba3 Rfe8 20. Qg2 Bd8 21. Rd2
h5 22. Rcd1 h4 23. gxh4 Qxg2+ 24. Rxg2 Bc6 25. Rg6 Bb5 26. Nxb5 Kf7 27. h5 axb5
28. Rd7+ Be7 29. Bxe7 Rxe7 30. Rxe7+ Kxe7 31. Rxg7+ Ke6 32. h6 c6 33. h7 Rh8
34. Kf2 Kd5 35. Ke2 Kc5 36. a3 b4 37. a4 b5 38. a5 Kd5 39. a6 c5 40. a7 1-0

[Event "III C.to Europeo"]
[Site "Batumi GEO"]
[Date "2002.06.12"]
[Round "1"]
[White "Kinsiz, Onur"]
[Black "Godena, Michele"]
[Result "0-1"]
[WhiteElo "2158"]
[BlackElo "2481"]
[PlyCount "73"]
[EventDate "2002.06.12"]

1. e4 e5 2. Nf3 Nc6 3. Bb5 Nf6 4. O-O Bc5 5. c3 O-O 6. d4 Bb6 7. Bg5 h6 8. Bxf6
Qxf6 9. Bxc6 Qxc6 10. dxe5 Qxe4 11. Nbd2 Qd3 12. Nb3 Qg6 13. c4 d6 14. exd6
cxd6 15. Nfd4 Bg4 16. Qd2 Bh3 17. f4 Bf5 18. Kh1 Be4 19. f5 Qf6 20. Nb5 Rad8
21. Nc3 Bc6 22. Rad1 Rfe8 23. Nd4 Re5 24. b4 a6 25. a4 Kh7 26. Qf4 Rde8 27. b5
axb5 28. axb5 Be4 29. Nce2 d5 30. Ng3 dxc4 31. h4 Bd3 32. Nh5 Qd6 33. Nf3 Rd5
34. Qg4 Rg8 35. Ng5+ hxg5 36. hxg5 Kh8 37. Rfe1 0-1

[Event "III C.to Europeo"]
[Site "Batumi GEO"]
[Date "2002.06.13"]
[Round "2"]
[White "Godena, Michele"]
[Black "Aronian, Levon"]
[Result "1-0"]
[WhiteElo "2481"]
[BlackElo "2571"]
[PlyCount "73"]
[EventDate "2002.06.12"]

1. e4 c5 2. c3 d6 3. d4 Nf6 4. dxc5 Nc6 5. Qc2 d5 6. Nd2 e6 7. exd5 exd5 8. Nb3
Be7 9. Nf3 O-O 10. Be2 Ne4 11. Be3 Bf5 12. Bd3 a5 13. a4 Bg6 14. O-O Qc7 15.
Rad1 Rad8 16. Rfe1 Qc8 17. Qc1 Rfe8 18. Bb5 Bh5 19. Be2 Bf8 20. Qc2 h6 21. Nfd4
Bg6 22. Qc1 Nxc5 23. Nxc5 Bxc5 24. Bb5 Be7 25. Bd3 Nxd4 26. Bxd4 Bg5 27. Qb1
Qc6 28. Bxg6 fxg6 29. Qc2 Kh7 30. g3 Re4 31. h4 Be7 32. Rxe4 dxe4 33. Be3 Re8
34. Qb3 Qc8 35. Qf7 Bxh4 36. Rd6 Bxg3 37. Rxg6 1-0

[Event "III C.to Europeo"]
[Site "Batumi GEO"]
[Date "2002.06.15"]
[Round "4"]
[White "Godena, Michele"]
[Black "Asrian, Karen"]
[Result "1-0"]
[WhiteElo "2481"]
[BlackElo "2591"]
[PlyCount "85"]
[EventDate "2002.06.12"]

1. e4 c6 2. d4 d5 3. Nd2 dxe4 4. Nxe4 Bf5 5. Ng3 Bg6 6. Nh3 e6 7. Nf4 Qh4 8. c3
Nd7 9. Qf3 Ngf6 10. Nxg6 hxg6 11. Ne2 Bd6 12. g3 Qh7 13. Bg5 e5 14. h4 O-O 15.
Bh3 Rfe8 16. O-O-O e4 17. Qg2 Nf8 18. c4 b5 19. cxb5 cxb5 20. d5 N8d7 21. Bxd7
Nxd7 22. Nc3 Rac8 23. Kb1 Rc4 24. Nxb5 Be5 25. b3 Rc5 26. Nxa7 Bd6 27. Nc6 f6
28. Be3 Rb5 29. Qf1 Rb7 30. Qa6 Rc7 31. Na5 Bc5 32. d6 Ra7 33. Qc4+ Kh8 34. Nc6
Bxe3 35. Nxa7 Bxa7 36. Qc7 Bxf2 37. Qxd7 Rb8 38. Qe6 e3 39. d7 Rd8 40. Rc1 e2
41. Qe8+ Qg8 42. Qxg8+ Kxg8 43. Rc8 1-0

[Event "III C.to Europeo"]
[Site "Batumi GEO"]
[Date "2002.06.17"]
[Round "6"]
[White "Godena, Michele"]
[Black "Kacheishvili, Giorgi"]
[Result "1-0"]
[WhiteElo "2481"]
[BlackElo "2584"]
[PlyCount "67"]
[EventDate "2002.06.12"]

1. e4 c5 2. c3 b6 3. d4 Bb7 4. Nd2 g6 5. Ngf3 Bg7 6. Bd3 cxd4 7. cxd4 Nc6 8. d5
Nb4 9. Bc4 Nf6 10. a3 Na6 11. Qe2 Nc5 12. O-O O-O 13. Rd1 Rc8 14. Rb1 a6 15. a4
Qc7 16. b3 Qf4 17. Re1 e6 18. dxe6 fxe6 19. Bd3 Qd6 20. Bc2 Qc7 21. b4 Ncxe4
22. Bxe4 Nxe4 23. Nxe4 e5 24. Bb2 Rce8 25. Rbc1 Qb8 26. Ng3 Qa8 27. Ne4 Qb8 28.
Qc2 Rf4 29. Qb3+ Kh8 30. Neg5 d5 31. Qe3 h6 32. Nxe5 Rff8 33. Nxg6+ Kg8 34.
Ne7+ 1-0

[Event "III C.to Europeo"]
[Site "Batumi GEO"]
[Date "2002.06.22"]
[Round "10"]
[White "Godena, Michele"]
[Black "Baklan, Vladimir"]
[Result "1/2-1/2"]
[WhiteElo "2481"]
[BlackElo "2618"]
[PlyCount "23"]
[EventDate "2002.06.12"]

1. e4 e6 2. d4 d5 3. Nd2 c5 4. Ngf3 cxd4 5. Nxd4 Nc6 6. Bb5 Bd7 7. Nxc6 Bxc6 8.
Bxc6+ bxc6 9. c4 Qa5 10. cxd5 cxd5 11. exd5 Qxd5 12. Qa4+ 1/2-1/2

[Event "III C.to Europeo"]
[Site "Batumi GEO"]
[Date "2002.06.24"]
[Round "12"]
[White "Godena, Michele"]
[Black "Jobava, Baadur"]
[Result "0-1"]
[WhiteElo "2481"]
[BlackElo "2566"]
[PlyCount "99"]
[EventDate "2002.06.12"]

1. e4 c5 2. c3 d5 3. exd5 Qxd5 4. d4 Nf6 5. Nf3 Bg4 6. Be2 e6 7. h3 Bh5 8. O-O
Nc6 9. Be3 cxd4 10. Nxd4 Bxe2 11. Qxe2 Be7 12. Rd1 O-O 13. Nd2 Rfd8 14. N2f3 a6
15. c4 Qe4 16. Nxc6 Qxc6 17. b3 h6 18. Kf1 b5 19. Ne5 Qe4 20. Bb6 Rdc8 21. Qxe4
Nxe4 22. Re1 Nd2+ 23. Ke2 bxc4 24. Kxd2 Bb4+ 25. Ke2 cxb3 26. axb3 Bxe1 27.
Kxe1 Rc3 28. b4 f6 29. Nd7 Rc6 30. Be3 Rd8 31. Nc5 Rdd6 32. Ne4 Rd5 33. Nc5
Rdd6 34. h4 e5 35. Ne4 Rd7 36. Nc5 Rdd6 37. Ne4 Rd7 38. Nc5 Rdd6 39. Ke2 f5 40.
g3 Kf7 41. Ra2 Kg6 42. Rd2 Kh5 43. f3 Rg6 44. Bf2 Rgd6 45. Be3 Rf6 46. Bf2 g5
47. hxg5 hxg5 48. Rd1 f4 49. Nd7 Rc2+ 50. Kf1 0-1

[Event "III Festival A"]
[Site "Lido degli Estensi - Comacchio ITA"]
[Date "2002.06.07"]
[Round "1"]
[White "Barlocco, Carlo"]
[Black "Cebalo, Miso"]
[Result "0-1"]
[WhiteElo "2129"]
[BlackElo "2515"]
[PlyCount "78"]
[EventDate "2002.06.07"]

1. d4 c5 2. c3 e6 3. Nf3 b6 4. Bf4 Bb7 5. Nbd2 cxd4 6. cxd4 Nf6 7. e3 Be7 8. h3
O-O 9. Be2 Nd5 10. Bg3 f5 11. Bh2 d6 12. O-O Nd7 13. Rc1 N7f6 14. Qa4 a6 15.
Ng5 b5 16. Qb3 Qd7 17. e4 h6 18. exd5 Bxd5 19. Qe3 hxg5 20. Qxg5 Bxa2 21. Qg6
Bd5 22. Bf3 Rac8 23. Bxd5 Nxd5 24. Nf3 a5 25. Rxc8 Qxc8 26. Ng5 Bxg5 27. Qxg5
Qd7 28. Qg3 f4 29. Qg4 a4 30. Re1 Rf6 31. Qe2 Qc6 32. Qd2 Rg6 33. g4 fxg3 34.
Bxg3 Ne7 35. Kh2 Qd5 36. Rc1 Nf5 37. Rc8+ Kh7 38. Qf4 Nxd4 39. Qxd6 Qxd6 0-1

[Event "III Festival A"]
[Site "Lido degli Estensi - Comacchio ITA"]
[Date "2002.06.07"]
[Round "1"]
[White "Bondielli, Giorgio"]
[Black "Sarno, Spartaco"]
[Result "0-1"]
[WhiteElo "2021"]
[BlackElo "2399"]
[PlyCount "42"]
[EventDate "2002.06.07"]

1. e4 d6 2. d4 Nf6 3. Bd3 e5 4. c3 d5 5. Bg5 dxe4 6. Bxe4 exd4 7. Qa4+ Qd7 8.
Qc2 Nxe4 9. Qxe4+ Qe6 10. Qxe6+ Bxe6 11. cxd4 Nc6 12. Ne2 h6 13. Be3 Nb4 14.
Na3 Nd3+ 15. Kd2 Nxb2 16. Nb5 Kd7 17. Rhc1 c6 18. Nbc3 Ba3 19. Nb1 Bb4+ 20.
Nbc3 Bf5 21. a3 Bxa3 0-1

[Event "III Festival A"]
[Site "Lido degli Estensi - Comacchio ITA"]
[Date "2002.06.07"]
[Round "1"]
[White "Bukal, Vladimir jr"]
[Black "Di Lao, Riccardo"]
[Result "1-0"]
[WhiteElo "2393"]
[BlackElo "2010"]
[PlyCount "33"]
[EventDate "2002.06.07"]

1. d4 d5 2. c4 e6 3. Nf3 Nf6 4. Nc3 c6 5. Bg5 h6 6. Bh4 g5 7. Bg3 dxc4 8. e3 b5
9. Ne5 Bb4 10. h4 Rg8 11. hxg5 hxg5 12. Rh6 Nfd7 13. Rxe6+ Kf8 14. Qh5 Rg7 15.
Nxf7 Bxc3+ 16. bxc3 Qa5 17. Bd6+ 1-0

[Event "III Festival A"]
[Site "Lido degli Estensi - Comacchio ITA"]
[Date "2002.06.07"]
[Round "1"]
[White "Burani, Eugenio"]
[Black "Ortega, Lexy"]
[Result "0-1"]
[WhiteElo "2072"]
[BlackElo "2463"]
[PlyCount "52"]
[EventDate "2002.06.07"]

1. e4 c5 2. Nf3 d6 3. d4 cxd4 4. Nxd4 Nf6 5. Nc3 a6 6. f4 e5 7. Nf3 Nbd7 8. Bd3
b5 9. O-O Bb7 10. Qe2 Be7 11. Kh1 O-O 12. f5 Re8 13. Rg1 b4 14. Nd1 d5 15. Nd2
Nc5 16. Nf2 Rc8 17. exd5 Nxd3 18. Nxd3 Rxc2 19. Ne1 Rc8 20. Nef3 Qxd5 21. Nb3
e4 22. Nfd4 e3 23. Qxe3 Bc5 24. Qd2 Ne4 25. Qe3 Bd6 26. Qf3 Qe5 0-1

[Event "III Festival A"]
[Site "Lido degli Estensi - Comacchio ITA"]
[Date "2002.06.07"]
[Round "1"]
[White "Chabanon, Jean-Luc"]
[Black "Popa, Claudiu"]
[Result "1-0"]
[WhiteElo "2483"]
[BlackElo "2077"]
[PlyCount "117"]
[EventDate "2002.06.07"]

1. d4 d5 2. c4 dxc4 3. Nf3 Nf6 4. e3 e6 5. Bxc4 c5 6. O-O a6 7. Bb3 Nc6 8. Nc3
Be7 9. Qe2 O-O 10. Rd1 Qc7 11. Bd2 Na5 12. Bc2 b5 13. dxc5 Bxc5 14. Ne4 Be7 15.
Rac1 Nc6 16. Nfg5 h6 17. Nxf6+ Bxf6 18. Nh7 Bxb2 19. Rb1 Be5 20. Nxf8 Kxf8 21.
f4 Bf6 22. Be4 Bb7 23. Rbc1 Qb6 24. Qf3 Rc8 25. Rc2 Ne7 26. Rxc8+ Bxc8 27. Bb4
Kg8 28. Qf2 Nf5 29. Rc1 Bb7 30. Bc5 Qc7 31. Bxf5 exf5 32. Qd2 Qc6 33. Be7 Qb6
34. Bxf6 Qxf6 35. h3 Qe6 36. Kh2 Bd5 37. a3 Qe4 38. Rc8+ Kh7 39. Rc5 Be6 40.
Re5 Qa4 41. Qd3 g6 42. Rc5 b4 43. axb4 Qxb4 44. Qd4 a5 45. Rc6 g5 46. Ra6 gxf4
47. Qxf4 Kg6 48. Qe5 Qe4 49. Qxe4 fxe4 50. Kg3 Kg5 51. h4+ Kh5 52. Rxa5+ f5 53.
Ra6 Bf7 54. Kf4 Bg6 55. g3 Bh7 56. Ra5 Bg6 57. g4+ Kxh4 58. Ra1 Kh3 59. Rh1+
1-0

[Event "III Festival A"]
[Site "Lido degli Estensi - Comacchio ITA"]
[Date "2002.06.07"]
[Round "1"]
[White "Costantini, Laura"]
[Black "Efimov, Igor"]
[Result "0-1"]
[WhiteElo "2058"]
[BlackElo "2446"]
[PlyCount "80"]
[EventDate "2002.06.07"]

1. e4 c5 2. Nc3 Nc6 3. g3 Rb8 4. f4 e6 5. Nf3 d5 6. exd5 exd5 7. Bg2 Nf6 8. O-O
Be7 9. d4 O-O 10. Be3 Ng4 11. Bf2 Nxf2 12. Rxf2 cxd4 13. Nb5 Bg4 14. Nbxd4 Bxf3
15. Rxf3 Qb6 16. c3 Qxb2 17. Rd3 Bf6 18. Bxd5 Nxd4 19. cxd4 Qb6 20. Rb1 Qa6 21.
Bb3 b5 22. Rc1 Qb6 23. Kh1 a5 24. d5 a4 25. Bc2 Rbc8 26. Bb1 g6 27. Rd2 Bc3 28.
Rd3 Bf6 29. Rd2 Rxc1 30. Qxc1 Re8 31. Rd1 Bd4 32. Qc6 Re2 33. Qxb6 Bxb6 34. d6
b4 35. d7 Kg7 36. Bd3 Rxa2 37. Bc4 Rc2 38. Bb5 a3 39. Ba4 Rb2 40. Ra1 a2 0-1

[Event "III Festival A"]
[Site "Lido degli Estensi - Comacchio ITA"]
[Date "2002.06.07"]
[Round "1"]
[White "Dubois, Martine"]
[Black "Bukal, Vladimir sr"]
[Result "0-1"]
[WhiteElo "2040"]
[BlackElo "2432"]
[PlyCount "70"]
[EventDate "2002.06.07"]

1. e4 e6 2. Qe2 d5 3. exd5 Qxd5 4. Nc3 Qd7 5. Nf3 Nc6 6. Qc4 a6 7. d4 b5 8. Qd3
Nf6 9. Ne5 Nxe5 10. dxe5 Nd5 11. Nxd5 exd5 12. g3 Qe6 13. Qe2 Qg6 14. Bf4 Bb4+
15. c3 Be7 16. Rd1 Bg4 17. f3 Bf5 18. h4 h5 19. Bh3 Bxh3 20. Rxh3 O-O 21. g4
Qe6 22. Kd2 Rad8 23. Kc2 c5 24. Kb1 b4 25. Rh2 bxc3 26. bxc3 d4 27. c4 d3 28.
Rxd3 Qg6 29. Kc2 Rd4 30. Be3 Rxc4+ 31. Kd1 Rb8 32. Bc1 hxg4 33. h5 Qf5 34. fxg4
Rxg4 35. Bb2 Rxb2 0-1

[Event "III Festival A"]
[Site "Lido degli Estensi - Comacchio ITA"]
[Date "2002.06.07"]
[Round "1"]
[White "Jaracz, Pawel"]
[Black "Tomba, Ivan"]
[Result "1-0"]
[WhiteElo "2506"]
[BlackElo "2121"]
[PlyCount "63"]
[EventDate "2002.06.07"]

1. e4 c5 2. Nf3 d6 3. d4 cxd4 4. Nxd4 Nf6 5. Nc3 a6 6. Be3 e6 7. f3 b5 8. g4 h6
9. Qd2 Nbd7 10. O-O-O Bb7 11. h4 b4 12. Na4 e5 13. Nb3 Rb8 14. Na1 Qa5 15. b3
Bc6 16. Bc4 Rc8 17. Qe2 Bb5 18. Bd3 d5 19. exd5 Bxa4 20. bxa4 Nxd5 21. Bb5 axb5
22. Rxd5 Qxa4 23. Qxb5 Qxb5 24. Rxb5 Rc3 25. Bd2 Rxf3 26. Rd1 Ra3 27. Kb2 Ra7
28. Nb3 Be7 29. Bxb4 Bxb4 30. Rxb4 Ke7 31. a4 Rb8 32. Rxd7+ 1-0

[Event "III Festival A"]
[Site "Lido degli Estensi - Comacchio ITA"]
[Date "2002.06.07"]
[Round "1"]
[White "Kohlweyer, Bernd"]
[Black "Frank, Albert"]
[Result "1-0"]
[WhiteElo "2453"]
[BlackElo "2063"]
[PlyCount "67"]
[EventDate "2002.06.07"]

1. d4 c5 2. d5 e5 3. c4 d6 4. Nc3 Nd7 5. e4 Be7 6. Nge2 Ngf6 7. Ng3 O-O 8. Bd3
Re8 9. h4 Nf8 10. Nf5 Bxf5 11. exf5 e4 12. Bc2 N6d7 13. Nxe4 b5 14. cxb5 Qa5+
15. Kf1 Qxb5+ 16. Kg1 Qb6 17. a4 Nf6 18. Nc3 Rab8 19. Bd3 N8d7 20. g3 Qb7 21.
Bb5 a6 22. Bc6 Qc8 23. h5 Rb4 24. h6 Ng4 25. Bf4 Nxh6 26. Bxh6 gxh6 27. Rxh6
Bf8 28. Rh5 Re5 29. f4 Re3 30. Qg4+ Kh8 31. Bxd7 Qxd7 32. Rg5 h6 33. Rg8+ Kh7
34. Rxf8 1-0

[Event "III Festival A"]
[Site "Lido degli Estensi - Comacchio ITA"]
[Date "2002.06.07"]
[Round "1"]
[White "Lain, Luigi"]
[Black "Iordachescu, Viorel"]
[Result "1/2-1/2"]
[WhiteElo "2164"]
[BlackElo "2555"]
[PlyCount "112"]
[EventDate "2002.06.07"]

1. d4 Nf6 2. c4 e6 3. Nc3 Bb4 4. Qc2 O-O 5. Nf3 b6 6. Bg5 Bb7 7. e3 d6 8. Bd3
h6 9. Bh4 c5 10. O-O Bxc3 11. Qxc3 Nbd7 12. Rad1 Rc8 13. Bb1 Qc7 14. b3 Qb8 15.
Bg3 Rfd8 16. Rd2 Be4 17. Rdd1 b5 18. cxb5 Bxb1 19. Rxb1 Qxb5 20. Rfd1 Ne4 21.
Qd3 Qb7 22. Rbc1 Ndf6 23. Bh4 g5 24. Bg3 Qb6 25. Nd2 Nxd2 26. Qxd2 cxd4 27.
Qxd4 Qxd4 28. exd4 Ne4 29. Kf1 d5 30. Bc7 Rd7 31. Ba5 Rb8 32. f3 Rb5 33. Bc7
Rb7 34. Be5 f6 35. fxe4 fxe5 36. dxe5 dxe4 37. Rd6 Kf7 38. Ke2 Ke7 39. Rcc6
Rxd6 40. exd6+ Kd8 41. Ke3 a5 42. Ra6 Rb5 43. Kxe4 Kd7 44. h3 h5 45. g3 h4 46.
gxh4 gxh4 47. Kf4 Rd5 48. Kg4 Rf5 49. Kxh4 e5 50. Kg4 Rf8 51. Rxa5 Kxd6 52. b4
Rf4+ 53. Kg5 Rxb4 54. h4 e4 55. Kf4 e3+ 56. Kxe3 Rxh4 1/2-1/2

[Event "III Festival A"]
[Site "Lido degli Estensi - Comacchio ITA"]
[Date "2002.06.07"]
[Round "1"]
[White "Lamoureux, Izabelle"]
[Black "Mrdja, Milan"]
[Result "0-1"]
[WhiteElo "2039"]
[BlackElo "2411"]
[PlyCount "62"]
[EventDate "2002.06.07"]

1. e4 c5 2. Nf3 d6 3. d4 cxd4 4. Nxd4 Nf6 5. Nc3 a6 6. h3 e5 7. Nde2 Be7 8. g4
h5 9. Bg2 hxg4 10. hxg4 Rxh1+ 11. Bxh1 Bxg4 12. Be3 Nbd7 13. Qd2 Qc7 14. O-O-O
O-O-O 15. Bg2 Rh8 16. Rh1 Qd8 17. f4 Rxh1+ 18. Bxh1 Qh8 19. Ng3 Qh4 20. fxe5
dxe5 21. Bf2 Be6 22. Bf3 Bc5 23. Be1 Qf4 24. Qxf4 exf4 25. Nf5 Ne5 26. Bg2 g6
27. Nh4 g5 28. Nf5 g4 29. Bd2 f3 30. Bf1 Bxf5 31. exf5 g3 0-1

[Event "III Festival A"]
[Site "Lido degli Estensi - Comacchio ITA"]
[Date "2002.06.07"]
[Round "1"]
[White "Mitkov, Nikola"]
[Black "Diotallevi, Maurizio"]
[Result "1-0"]
[WhiteElo "2493"]
[BlackElo "2097"]
[PlyCount "80"]
[EventDate "2002.06.07"]

1. e4 e6 2. d4 d5 3. Nc3 Nf6 4. e5 Nfd7 5. f4 c5 6. Nf3 Nc6 7. Ne2 b6 8. c3 Ba6
9. a3 g6 10. g4 Be7 11. Ng3 Bxf1 12. Kxf1 c4 13. f5 Qc7 14. Kg2 O-O-O 15. fxe6
fxe6 16. Ng5 Bxg5 17. Bxg5 Rdf8 18. Bh6 Rf7 19. Qd2 Qd8 20. Raf1 Qe8 21. Rxf7
Qxf7 22. Rf1 Qe8 23. Ne2 Rg8 24. Qf4 Nd8 25. h4 Nb8 26. Ng1 Nbc6 27. Nh3 Qd7
28. Ng5 Re8 29. Qf6 a6 30. Bf8 b5 31. Qh8 h5 32. gxh5 gxh5 33. Qxh5 Ne7 34. Nh7
Qc6 35. Bxe7 Rxe7 36. Rf8 Qc7 37. Ng5 Kb7 38. Qg6 Qd7 39. h5 Rg7 40. Qf6 Nf7
1-0

[Event "III Festival A"]
[Site "Lido degli Estensi - Comacchio ITA"]
[Date "2002.06.07"]
[Round "1"]
[White "Naumkin, Igor"]
[Black "Ricci, Alfredo"]
[Result "1-0"]
[WhiteElo "2433"]
[BlackElo "2054"]
[PlyCount "89"]
[EventDate "2002.06.07"]

1. d4 Nf6 2. c4 g6 3. Nc3 d5 4. cxd5 Nxd5 5. e4 Nxc3 6. bxc3 c5 7. Bc4 Bg7 8.
Ne2 cxd4 9. cxd4 O-O 10. O-O Nc6 11. Be3 Na5 12. Bd3 b6 13. Qd2 e6 14. Rad1 Bb7
15. Bh6 Rc8 16. Bxg7 Kxg7 17. Qf4 Qf6 18. Qg3 Nc4 19. Nf4 Kh8 20. e5 Qe7 21.
Rfe1 b5 22. h4 Nb2 23. Rd2 Nxd3 24. Rxd3 Rfd8 25. h5 g5 26. h6 Rg8 27. Nh5 Rg6
28. Nf6 Rxh6 29. Qxg5 Qf8 30. Rc1 Rc4 31. Rxc4 bxc4 32. Rg3 Rg6 33. Qh4 Qg7 34.
Nh5 Qf8 35. Rxg6 fxg6 36. Nf4 Qf7 37. Qd8+ Kg7 38. Ne2 h5 39. f3 Bc6 40. Kf2
Be8 41. Ke3 Kh6 42. Qc8 Bb5 43. Nc3 Qd7 44. Qh8+ Kg5 45. Ne4+ 1-0